[Event "Arco op 31st"]
[Site "Arco"]
[Date "2009.10.20"]
[Round "5"]
[White "Orlandi, Stefano"]
[Black "Lezzerini, Marco"]
[Result "1-0"]
[WhiteElo "1948"]
[BlackElo "1587"]
[PlyCount "63"]
[EventDate "2009.10.17"]
[EventType "swiss"]
[EventRounds "9"]
[EventCountry "ITA"]
[SourceTitle "EXT 2010"]
[Source "ChessBase"]
[SourceDate "2010.11.25"]
[SourceVersion "1"]
[SourceVersionDate "2010.11.25"]
[SourceQuality "1"]

1. e4 c6 2. d4 d5 3. e5 Bf5 4. Nf3 e6 5. c3 Ne7 6. Nh4 Bg6 7. Nxg6 Nxg6 8. Bd3 Nd7 9. 0-0 Be7 10. f4 Qb6 11. Nd2 0-0-0 12. b4 Rdf8 13. Nf3 Bd8 14. Kh1 f5 15. a4 a6 16. Be3 Re8 17. Qe2 Kb8 18. Rfb1 Ka7 19. b5 a5 20. bxc6 Qxc6 21. c4 Ka8 22. cxd5 Qxd5 23. Nd2 Nb8 24. Rb5 Qd7 25. Nc4 Nc6 26. Nd6 b6 27. d5 exd5 28. Bxf5 Qa7 29. Nc8 Qf7 30. Nxb6+ Bxb6 31. Rxb6 Nb4 32. Qb5 1-0

[Event "Arco op 31st"]
[Site "Arco"]
[Date "2009.10.19"]
[Round "3"]
[White "De Polzer, Manfredi"]
[Black "Orlandi, Stefano"]
[Result "1/2-1/2"]
[WhiteElo "1812"]
[BlackElo "1948"]
[PlyCount "88"]
[EventDate "2009.10.17"]
[EventType "swiss"]
[EventRounds "9"]
[EventCountry "ITA"]
[SourceTitle "EXT 2010"]
[Source "ChessBase"]
[SourceDate "2010.11.25"]
[SourceVersion "1"]
[SourceVersionDate "2010.11.25"]
[SourceQuality "1"]

1. e4 c5 2. c3 Nc6 3. d4 cxd4 4. cxd4 d6 5. Nf3 e6 6. Nc3 Nf6 7. a3 a6 8. Be2 Be7 9. d5 exd5 10. exd5 Nb8 11. 0-0 0-0 12. Bg5 Nbd7 13. Qd2 b5 14. Rac1 Nc5 15. Bd1 Bb7 16. Bc2 Ncd7 17. Rfe1 Re8 18. b4 Rc8 19. a4 Nf8 20. axb5 axb5 21. Bd3 Nxd5 22. Nxd5 Bxg5 23. Nxg5 Rxc1 24. Rxc1 Bxd5 25. Nxh7 Bc4 26. Nxf8 Kxf8 27. Bxc4 bxc4 28. Rxc4 Qe7 29. Kf1 Ra8 30. g3 Qe6 31. Rc1 f6 32. Re1 Ra2 33. Qc3 Qf5 34. Qe3 Qe5 35. Qb3 Qb2 36. Qe3 Qe5 37. Qb6 Ra1 38. Rxa1 Qxa1+ 39. Kg2 Qa8+ 40. Kh3 Qd5 41. Qd8+ Kf7 42. Qd7+ Kf8 43. b5 Qh5+ 44. Kg2 Qd5+ 1/2-1/2

[Event "Arco op 30th"]
[Site "Arco"]
[Date "2008.10.25"]
[Round "8"]
[White "Diotallevi, Maurizio"]
[Black "Orlandi, Stefano"]
[Result "1-0"]
[WhiteElo "2101"]
[BlackElo "1965"]
[PlyCount "107"]
[EventDate "2008.10.18"]
[EventType "swiss"]
[EventRounds "9"]
[EventCountry "ITA"]
[SourceTitle "CBM 127 Extra"]
[Source "ChessBase"]
[SourceDate "2009.01.08"]
[SourceVersion "2"]
[SourceVersionDate "2009.01.28"]
[SourceQuality "1"]

1. d4 d5 2. Bg5 c6 3. Nf3 Qb6 4. b3 e6 5. e3 Nd7 6. Bd3 Ngf6 7. 0-0 Bd6 8. c4 Qc7 9. c5 Be7 10. Bf4 Qd8 11. h3 0-0 12. Nc3 a5 13. Qc2 b6 14. cxb6 Ba6 15. Bc7 Bxd3 16. Qxd3 Qc8 17. Na4 Ne8 18. Bg3 Qb7 19. Rac1 Nxb6 20. Nxb6 Qxb6 21. Ne5 Qb7 22. Nxc6 Bd6 23. Bxd6 Nxd6 24. Rc2 a4 25. Rfc1 axb3 26. Qxb3 Qa6 27. Nb4 Qa4 28. Nd3 f6 29. Qxa4 Rxa4 30. Nc5 Ra3 31. Nxe6 Rfa8 32. Nf4 Rxa2 33. Nxd5 Rxc2 34. Rxc2 Ra1+ 35. Kh2 Ne4 36. f3 Nd6 37. g4 Kf7 38. Rc7+ Kg6 39. Rc6 Nf7 40. h4 h6 41. f4 Ra5 42. f5+ Kh7 43. Nf4 Ra7 44. Kg3 Kg8 45. Ne6 Kh7 46. Kf4 g5+ 47. fxg6+ Kxg6 48. h5+ Kh7 49. e4 Ng5 50. Nxg5+ fxg5+ 51. Kf5 Rf7+ 52. Rf6 Ra7 53. d5 Ra1 54. d6 1-0

[Event "Arco op 30th"]
[Site "Arco"]
[Date "2008.10.21"]
[Round "4"]
[White "Orlandi, Stefano"]
[Black "Collato, Luca"]
[Result "0-1"]
[WhiteElo "1965"]
[BlackElo "1848"]
[PlyCount "76"]
[EventDate "2008.10.18"]
[EventType "swiss"]
[EventRounds "9"]
[EventCountry "ITA"]
[SourceTitle "CBM 127 Extra"]
[Source "ChessBase"]
[SourceDate "2009.01.08"]
[SourceVersion "2"]
[SourceVersionDate "2009.01.28"]
[SourceQuality "1"]

1. e4 c5 2. Nf3 Nc6 3. d4 cxd4 4. Nxd4 g6 5. Nc3 Bg7 6. Be3 Nf6 7. Be2 0-0 8. h4 h5 9. Qd2 d5 10. Nxc6 bxc6 11. exd5 cxd5 12. 0-0-0 Bb7 13. Bd4 e6 14. f3 Re8 15. Qf4 Nd7 16. Bxg7 Kxg7 17. g4 e5 18. Qg3 d4 19. Ne4 Bxe4 20. fxe4 Nf6 21. gxh5 Nxe4 22. Qf3 Nd6 23. hxg6 fxg6 24. Qg4 Qc8 25. Qg2 Qb7 26. Bf3 e4 27. Bh5 Re6 28. Rhg1 Nc4 29. b3 Ne3 30. Qg5 Qc6 31. Rd2 Qc3 32. Rf2 Rc8 33. Kb1 Nxc2 34. Rxc2 Qxc2+ 35. Ka1 Qc3+ 36. Kb1 Qd3+ 37. Ka1 Rc2 38. Rb1 Qc3+ 0-1

[Event "Arco op 30th"]
[Site "Arco"]
[Date "2008.10.19"]
[Round "2"]
[White "Orlandi, Stefano"]
[Black "Weinberg, Emanuele"]
[Result "1-0"]
[WhiteElo "1965"]
[BlackElo "1861"]
[PlyCount "125"]
[EventDate "2008.10.18"]
[EventType "swiss"]
[EventRounds "9"]
[EventCountry "ITA"]
[SourceTitle "CBM 127 Extra"]
[Source "ChessBase"]
[SourceDate "2009.01.08"]
[SourceVersion "2"]
[SourceVersionDate "2009.01.28"]
[SourceQuality "1"]

1. e4 Nf6 2. e5 Nd5 3. d4 d6 4. f4 dxe5 5. fxe5 Bf5 6. c3 e6 7. Nf3 Be7 8. Bd3 Bxd3 9. Qxd3 Nd7 10. 0-0 0-0 11. Nbd2 c5 12. Ne4 cxd4 13. cxd4 N7b6 14. a3 Rc8 15. Bg5 Nc4 16. Bxe7 Nxe7 17. b3 Nb6 18. Nfg5 Ng6 19. h4 h6 20. h5 hxg5 21. hxg6 fxg6 22. Nd6 Rc7 23. Rxf8+ Qxf8 24. Rf1 Qd8 25. Qxg6 Re7 26. Rf7 Rxf7 27. Qxf7+ Kh7 28. Qxe6 Qc7 29. Qf5+ Kg8 30. Qxg5 Nd5 31. Qd2 b6 32. Nb5 Qd7 33. Nc3 Nxc3 34. Qxc3 Qf5 35. d5 Qb1+ 36. Kf2 Qf5+ 37. Ke3 Qg5+ 38. Kd3 Qxg2 39. Qd4 Qf3+ 40. Kc4 Qe2+ 41. Kc3 Qe1+ 42. Kd3 Qb1+ 43. Kc4 Qc2+ 44. Kb4 a5+ 45. Ka4 b5+ 46. Kxb5 Qxb3+ 47. Kxa5 Qxa3+ 48. Kb5 Qb3+ 49. Kc6 Qc2+ 50. Kd6 Qg6+ 51. e6 Qg3+ 52. Kd7 Qb8 53. Qc5 Qb7+ 54. Kd6 Qa6+ 55. Qc6 Qa3+ 56. Kd7 Qa7+ 57. Qc7 Qa4+ 58. Ke7 Qh4+ 59. Ke8 Qa4+ 60. Qc6 Qb4 61. d6 Qb8+ 62. Kd7 Qa7+ 63. Kc8 1-0

[Event "Crema op 10th"]
[Site "Crema"]
[Date "2008.09.07"]
[Round "6"]
[White "Orlandi, Stefano"]
[Black "Oteri, Aldo"]
[Result "0-1"]
[WhiteElo "1962"]
[BlackElo "1844"]
[PlyCount "128"]
[EventDate "2008.09.05"]
[EventType "swiss"]
[EventRounds "6"]
[EventCountry "ITA"]
[SourceTitle "EXT 2011"]
[Source "ChessBase"]
[SourceDate "2010.11.26"]
[SourceVersion "1"]
[SourceVersionDate "2010.11.26"]
[SourceQuality "1"]

1. e4 e6 2. d4 d5 3. Nd2 c5 4. c3 cxd4 5. cxd4 Nc6 6. Ngf3 Nf6 7. e5 Ne4 8. Bb5 Bd7 9. 0-0 Nxe5 10. Bxd7+ Nxd7 11. Nxe4 dxe4 12. Ng5 Be7 13. Nxe4 Nf6 14. Qa4+ Qd7 15. Qxd7+ Kxd7 16. Ng5 Rhf8 17. Be3 Nd5 18. Nf3 f6 19. Rac1 Rfc8 20. a3 b5 21. Nd2 b4 22. a4 Nb6 23. b3 Nd5 24. Nc4 Rc7 25. Rc2 Rac8 26. Rfc1 Ke8 27. Kf1 g5 28. Ke1 h5 29. h3 Kd7 30. f3 Bd6 31. Kf2 h4 32. Ke2 Bf4 33. Bxf4 gxf4 34. Kd3 Rg8 35. Re1 Rc6 36. Rce2 Ne3 37. Nxe3 Rc3+ 38. Ke4 fxe3 39. Rb1 Kd6 40. Rbb2 f5+ 41. Kf4 Rd3 42. a5 Rxd4+ 43. Kxe3 e5 44. Rbd2 Kd5 45. Rxd4+ exd4+ 46. Kd3 Rc8 47. Rc2 Rc3+ 48. Kd2 Rxb3 49. Rc7 Ra3 50. Rxa7 b3 51. Kc1 Ra2 52. Rb7 Kc4 53. Rc7+ Kd3 54. Rb7 Rxa5 55. Rxb3+ Ke2 56. Rb2+ Ke1 57. Kc2 Ra3 58. Rb1+ Ke2 59. Kb2 Ra7 60. Rc1 d3 61. Rc8 Re7 62. Rd8 d2 63. Kc2 d1Q+ 64. Rxd1 Rc7+ 0-1

[Event "Crema op 10th"]
[Site "Crema"]
[Date "2008.09.06"]
[Round "4"]
[White "Orlandi, Stefano"]
[Black "Bonade, Massimo"]
[Result "1/2-1/2"]
[WhiteElo "1962"]
[BlackElo "2110"]
[PlyCount "41"]
[EventDate "2008.09.05"]
[EventType "swiss"]
[EventRounds "6"]
[EventCountry "ITA"]
[SourceTitle "EXT 2011"]
[Source "ChessBase"]
[SourceDate "2010.11.26"]
[SourceVersion "1"]
[SourceVersionDate "2010.11.26"]
[SourceQuality "1"]

1. e4 c5 2. Nf3 d6 3. d4 cxd4 4. Nxd4 Nf6 5. Nc3 a6 6. Bg5 e6 7. Be2 Be7 8. 0-0 0-0 9. Bf3 Nbd7 10. Re1 Qc7 11. Qd2 Ne5 12. Rad1 Nxf3+ 13. gxf3 b5 14. Nce2 Bb7 15. Ng3 Rac8 16. c3 Rfd8 17. Qe3 Qc4 18. Nb3 Qc7 19. Nd4 Qa5 20. a3 Qc7 21. Rd2 1/2-1/2